<?xml version="1.0" encoding="UTF-8"?>
<record
    xmlns:xsi="http://www.w3.org/2001/XMLSchema-instance"
    xsi:schemaLocation="http://www.loc.gov/MARC21/slim http://www.loc.gov/standards/marcxml/schema/MARC21slim.xsd"
    xmlns="http://www.loc.gov/MARC21/slim">

  <leader>02126    a2200229   4500</leader>
  <controlfield tag="001">56892</controlfield>
  <controlfield tag="005">20260407155832.0</controlfield>
  <controlfield tag="008">260407a1996    arg                 spa d</controlfield>
  <controlfield tag="003">AR-UNSa-BCEJYS</controlfield>
  <datafield tag="040" ind1=" " ind2=" ">
    <subfield code="a">AR-UNSa-BCEJYS</subfield>
    <subfield code="b">spa</subfield>
    <subfield code="c">AR-UNSa-BCEJYS</subfield>
  </datafield>
  <datafield tag="080" ind1=" " ind2=" ">
    <subfield code="a">338.23:336.74</subfield>
    <subfield code="x">Pol&#xED;tica monetaria</subfield>
  </datafield>
  <datafield tag="245" ind1="1" ind2="0">
    <subfield code="a">Money, exchange rates, and output</subfield>
  </datafield>
  <datafield tag="020" ind1=" " ind2=" ">
    <subfield code="a">0-262-03236-8</subfield>
  </datafield>
  <datafield tag="264" ind1=" " ind2="1">
    <subfield code="a">Cambridge :</subfield>
    <subfield code="b">The MIT Press</subfield>
    <subfield code="c">1996</subfield>
  </datafield>
  <datafield tag="300" ind1=" " ind2=" ">
    <subfield code="a">xxv, 510 p.</subfield>
    <subfield code="c">24 cm.</subfield>
  </datafield>
  <datafield tag="505" ind1=" " ind2=" ">
    <subfield code="a">1. On the Time Consistency of Optimal Policy in a Monetary Economy &#x2013; 2. On the Flexibility of Monetary Policy: The Case of the Optimal Inflation Tax &#x2013; 3. On the Indeterminacy of Interest Rates and Wages whith Perfect Foresight &#x2013; 4. Staggered Prices in a Utility-Maximizing Framework &#x2013; 5. Devaluation: Levels versus rates &#x2013; 6. Real Exchange Rate Dynamics with Fixed Nominal Parities: Structural Change and Overshooting &#x2013; 7. Trying to Stabilize: Some Theoretical Reflections Based on the Case of Argentina &#x2013; 8. From Currency Substitution to Dollarization and Beyond: Analytical and Policy Issues &#x2013; 9. A Model of Exchange Rate Determination under Currency Substitution and Rational Expectations &#x2013; 10. Currency Substitution and the Real Exchange Rate: The Utility Maximization Approach &#x2013; 11. Servicing the Public Debt: The Role of Expectations &#x2013; 12. Indexation and Maturity of Government Bonds: An Exploratory Model &#x2013; 13. The Perils of Sterilization &#x2013; 14. Optimal Inflation Tax under Precommitment: Theory and Evidence &#x2013; 15. Incredible Reforms &#x2013; 16. On the Costs of Temporary Policy &#x2013; 17. Anticipated Devaluations &#x2013; 18. Exchange Rate-Based Stabilisation under Imperfect Credibility &#x2013; 19. Stabilizing a Previously Centrally Planned Economy: Poland &#x2013; 20. Output Collapse in Eastern Europe: The Role of Credit &#x2013; 21. Money Demand, Bank Credit, and Economic Performance in Former Socialist Economies </subfield>
  </datafield>
  <datafield tag="041" ind1=" " ind2=" ">
    <subfield code="a">spa</subfield>
  </datafield>
  <datafield tag="942" ind1=" " ind2=" ">
    <subfield code="c">BK</subfield>
  </datafield>
  <datafield tag="590" ind1=" " ind2=" ">
    <subfield code="a">niveau_biblio:m niveau_hierar:0</subfield>
  </datafield>
  <datafield tag="100" ind1="1" ind2=" ">
    <subfield code="a">Calvo, Guillermo A.</subfield>
  </datafield>
  <datafield tag="856" ind1="4" ind2="1">
    <subfield code="u">https://biblioeco.unsa.edu.ar/pmb/images/libros/L128624.jpg</subfield>
    <subfield code="y">Imagen de portada</subfield>
    <subfield code="q">image/jpeg</subfield>
  </datafield>
  <datafield tag="999" ind1=" " ind2=" ">
    <subfield code="c">6063</subfield>
    <subfield code="d">6063</subfield>
  </datafield>
  <datafield tag="952" ind1=" " ind2=" ">
    <subfield code="0">0</subfield>
    <subfield code="1">0</subfield>
    <subfield code="4">0</subfield>
    <subfield code="7">0</subfield>
    <subfield code="a">BCEJYS</subfield>
    <subfield code="b">BCEJYS</subfield>
    <subfield code="c">16</subfield>
    <subfield code="d">2026-04-07</subfield>
    <subfield code="l">0</subfield>
    <subfield code="o">338.23:336.74 C169</subfield>
    <subfield code="p">L128624</subfield>
    <subfield code="r">2026-04-07 15:58:32</subfield>
    <subfield code="w">2026-04-07</subfield>
    <subfield code="y">L</subfield>
  </datafield>
</record>
